000
00271nam a2200109Ia 4500
008
200302s9999 xx 000 0 und d
100
_a
Rolf Toman Cologne
245
_a
Best of Graphis Design
260
_b
Page one Publishing Pvt. Ltd.
260
_c
1993
300
_a
67 P.,
999
_c
2191
_d
2191